Statistics for Best Modern Tank In The World

Click here to take the quiz!

General Stats

  • This quiz has been taken 74 times
  • The average score is 5 of 10

Answer Stats

HintAnswer% Correct
USM1A2 Abrams
90%
UKChallenger 2
63%
FranceLeclerc
60%
GermanyLeopard 2A7+
59%
RussiaT-14 Armata
57%
JapanType 10 (TK-X)
48%
South KoreaK2 Black Panther
43%
IsraelMerkava Mk.4
40%
ChinaVT4 (MBT-3000)
25%
RussiaT-90MS
13%

Score Distribution

Percentile by Number Answered

Percent of People with Each Score

Your Score History

You have not taken this quiz